Sports Quiz

Random Sports or Basketball Quiz

NBA Rookie Stat Leaders (1990s) Quiz Stats

Quiz Updated Jul 27, 2015

Challenge
Share
Tweet
Embed
Score 0/50 Timer 05:00
7 Plays Today
Hint Answer % Correct
PointsShaquille O'Neal
97.8%
ReboundsShaquille O'Neal
97.8%
BlocksShaquille O'Neal
97.8%
PointsTim Duncan
96.1%
ReboundsTim Duncan
96.1%
BlocksTim Duncan
96.1%
PointsAllen Iverson
93.4%
AssistsAllen Iverson
93.4%
StealsAllen Iverson
93.4%
PointsDavid Robinson
92.9%
ReboundsDavid Robinson
92.9%
StealsDavid Robinson
92.9%
BlocksDavid Robinson
92.9%
PointsGlenn Robinson
92.4%
AssistsJason Kidd
73.9%
StealsJason Kidd
73.9%
AssistsAnfernee Hardaway
73.6%
StealsAnfernee Hardaway
73.6%
AssistsTim Hardaway
73.6%
StealsTim Hardaway
73.5%
PointsLarry Johnson
72.8%
ReboundsLarry Johnson
72.8%
PointsAlonzo Mourning
70.9%
ReboundsAlonzo Mourning
70.9%
BlocksAlonzo Mourning
70.9%
Hint Answer % Correct
BlocksChris Webber
64.4%
AssistsGary Payton
58.9%
StealsGary Payton
58.9%
ReboundsDikembe Mutombo
57.5%
BlocksDikembe Mutombo
57.5%
PointsShareef Abdur-Rahim
41.7%
AssistsStephon Marbury
40.1%
PointsJamal Mashburn
35.3%
ReboundsAntoine Walker
35.2%
AssistsDamon Stoudamire
32.2%
ReboundsDerrick Coleman
28.4%
PointsChristian Laettner
18.8%
BlocksShawn Bradley
16.4%
ReboundsLaPhonso Ellis
15.2%
StealsKerry Kittles
13.9%
ReboundsTom Gugliotta
11.5%
AssistsPooh Richardson
8.6%
AssistsBrevin Knight
8.2%
StealsBrevin Knight
8.2%
AssistsSherman Douglas
4.8%
StealsSherman Douglas
4.8%
BlocksRoy Rogers
1.8%
BlocksDuane Causwell
1.1%
BlocksMichael Stewart
0.7%
StealsMark Macon
0.6%

You're not logged in!

Compare scores with friends on all Sporcle quizzes.
Sign Up with Email
OR
Log In

You Might Also Like...

Show Comments

Extras

Top Quizzes Today


Score Distribution

Your Account Isn't Verified!

In order to create a playlist on Sporcle, you need to verify the email address you used during registration. Go to your Sporcle Settings to finish the process.